Den greske antikken - Statistics

General Stats
  • This quiz has been taken 226 times
    156 since last reset
  • The average score is 9 of 18
Answer Stats
Hint Answer % Correct
Greske bystater kalles... Polis
100%
Den største greske bystaten Athen
85%
Verdens største by i oldtiden, ca. 600 f.v.t. Babylon
77%
Styreformen utviklet av ovennevnte Direkte demokrati
62%
Forfatteren av eposene Iliaden og Odysseen Homer
62%
Den mest militaristiske greske bystaten Sparta
62%
Den greske antikkens mest kjente bygning Partenon på Akropolis i Athen
54%
Riket som erobret hele Midtøsten og Egypt, men klarte ikke erobre Hellas Perserriket
54%
Gresk konge som erobret Perserriket Alexander den store
46%
Historieskrivingens far Herodot
46%
De tre store i gresk filosofi (riktig rekkefølge) Sokrates, Platon, Aristoteles
46%
Den første naturfilosofen Thales av Milet
46%
Hva er filosofen Demokrit kjent for? Atomisme
38%
Den største byen i verden ca. 200 f.v.t. Alexandria (i hellenistiske Egypt)
31%
Arven etter de gamle grekerne (nevn 1 ting) Arkitektur, teater/litteratur, olympiske leker/idrett, filosofi/vitenskap, over 1000 ord
31%
"Fra mytologi til fornuft, filosofi og vitenskap" Fra mythos til logos
31%
Det man kaller perioden etter denne greske kongen (tenk: "Hellas") Hellenismen
23%
Hvilken sivilisasjon har sin "vugge" i den greske antikken? Vestlig sivilisasjon
23%
No matching quizzes found
Score Distribution
Percent of People with Each Score
Percentile by Number Answered
Your Score History
You have not taken this quiz since the last reset